=LDR 00000nam 2200000 4500 =001 INLIS000000000014844 =005 20130612110126 =008 ***********************************Ind** =035 ##$$0010-061300000014844 =041 ##$$a Ind =082 ##$$a 372 =090 ##$$a 372, Mur s =100 ##$$a Mursy, Muhammad Sa'id =245 ##$$a Seni mendidik anak, Muhammad Sa'id Mursy; penerjemah Al-Gazira; editor Euis Jatiningsih] =260 ##$$a 2003 $b Jakarta =300 ##$$a xix, 412 hlm, Ilus, 24 cm =650 ##$$a Pendidikan anak =700 ##$$a Gazira, Al- =850 ##$$a NBPNMAT =990 ##$$a 1132511325